000 00411 a2200157 4500
005 20250617053531.0
020 _a0-07-095164-0
082 _a519.5 DOU
100 _aDOUGLAS, L.
245 _aBasic Statistics for Business & Economics
250 _a2nd Ed.
260 _aNew York,
_bMc Graw Hill,
_c2006.
300 _axvi, 488p.; ill.; figure, table
_bIndex
_c27cm
700 _aMARCHAL, W.
942 _2ddc
_cBKS
999 _c4173
_d4173